Simone Inzaghi's Lazio - Statistics

General Stats
  • This quiz has been taken 7 times
  • The average score is 35 of 78
Answer Stats
Rank Player Position Nationality Matches Goals Assists % Correct
1 Ciro Immobile Centre-Forward 219 150 53
100%
2 Sergej Milinković-Savić Central Midfield 215 44 38
100%
11 Adam Marusic Right-Back 134 9 13
86%
48 André Anderson Attacking Midfield 7 0 0
86%
17 Danilo Cataldi Defensive Midfield 83 5 2
86%
19 Felipe Anderson Right Winger 79 14 22
86%
8 Lucas Leiva Defensive Midfield 153 4 11
86%
6 Luis Alberto Attacking Midfield 175 35 48
86%
20 Stefan de Vrij Centre-Back 78 9 3
86%
7 Ștefan Radu Left-Back 169 3 7
86%
5 Thomas Strakosha Goalkeeper 177 0 0
86%
45 Djavan Anderson Right Midfield 10 0 0
71%
9 Felipe Caicedo Centre-Forward 139 33 15
71%
10 Francesco Acerbi Centre-Back 137 6 5
71%
25 Jean-Daniel Akpa Akpro Central Midfield 42 1 1
71%
16 Jordan Lukaku Left-Back 85 1 8
71%
52 Miroslav Klose Centre-Forward 5 5 2
71%
28 Pepe Reina Goalkeeper 37 0 0
71%
4 Senad Lulic Left Midfield 185 14 21
71%
49 Antonio Candreva Attacking Midfield 6 3 1
57%
13 Joaquín Correa Second Striker 117 30 19
57%
31 Jony Left Winger 32 0 4
57%
36 Nani Left Winger 25 3 3
57%
12 Patric Centre-Back 119 1 4
57%
39 Riza Durmisi Left-Back 19 0 1
57%
38 Valon Berisha Left Midfield 22 0 1
57%
23 Wesley Hoedt Centre-Back 56 3 0
57%
24 Alessandro Murgia Central Midfield 49 4 2
43%
15 Bastos Centre-Back 94 9 1
43%
54 Davide Di Gennaro Attacking Midfield 5 0 0
43%
40 Denis Vavro Centre-Back 19 0 0
43%
22 Dusan Basta Right-Back 59 1 5
43%
35 Federico Marchetti Goalkeeper 25 0 0
43%
37 Filip Djordjevic Centre-Forward 23 2 0
43%
27 Keita Baldé Left Winger 40 16 6
43%
26 Lucas Biglia Defensive Midfield 40 5 4
43%
14 Luiz Felipe Centre-Back 104 2 4
43%
18 Manuel Lazzari Right Midfield 79 3 10
43%
3 Marco Parolo Central Midfield 190 22 14
43%
42 Martín Cáceres Centre-Back 18 1 1
43%
57 Pedro Neto Right Winger 5 0 0
43%
44 Rômulo Central Midfield 13 0 1
43%
46 Silvio Proto Goalkeeper 9 0 0
43%
29 Vedat Muriqi Centre-Forward 34 2 1
43%
58 Abdoulay Konko Right-Back 4 0 0
29%
30 Andreas Pereira Attacking Midfield 33 1 4
29%
43 Bobby Adekanye Right Winger 15 1 1
29%
64 Bruno Jordão Defensive Midfield 3 0 0
29%
41 Cristiano Lombardi Right Winger 19 1 0
29%
70 Guido Guerrieri Goalkeeper 1 0 0
29%
62 Ivan Vargic Goalkeeper 3 0 0
29%
74 Joseph Minala Defensive Midfield 1 0 0
29%
51 Luca Crecco Left Midfield 6 1 0
29%
34 Milan Badelj Defensive Midfield 26 1 0
29%
33 Mohamed Salim Fares Left-Back 29 0 1
29%
67 Moritz Leitner Central Midfield 2 0 0
29%
47 Ogenyi Onazi Defensive Midfield 7 1 1
29%
71 Ravel Morrison Attacking Midfield 1 0 0
29%
55 Ricardo Kishna Left Winger 5 0 0
29%
63 Simone Palombi Centre-Forward 3 0 0
29%
21 Wallace Centre-Back 67 2 1
29%
56 Alessandro Rossi Centre-Forward 5 0 0
14%
65 Alessio Miceli Central Midfield 2 0 0
14%
72 Franjo Prce Centre-Back 1 0 0
14%
75 Giorgio Spizzichino Right-Back 1 0 0
14%
32 Gonzalo Escalante Central Midfield 30 0 1
14%
77 Luan Capanni Attacking Midfield 1 0 0
14%
68 Luca Falbo Left Midfield 2 0 0
14%
73 Mamadou Tounkara Centre-Forward 1 0 0
14%
78 Marco Bertini Defensive Midfield 1 0 0
14%
53 Mateo Musacchio Centre-Back 5 0 0
14%
60 Maurício Centre-Back 4 0 0
14%
59 Milan Bisevac Centre-Back 4 1 0
14%
61 Nicolò Armini Centre-Back 4 0 0
14%
69 Raúl Moro Left Winger 2 0 0
14%
50 Santiago Gentiletti Centre-Back 6 0 0
14%
66 Stefano Mauri Attacking Midfield 2 0 0
14%
76 Szymon Czyz Defensive Midfield 1 0 0
14%
No matching quizzes found
Score Distribution
Percent of People with Each Score
Percentile by Number Answered
Your Score History
You have not taken this quiz